| 000 | 00351nam a22001457a 4500 | ||
|---|---|---|---|
| 003 | SGT | ||
| 020 | _a978-81-312-03828 | ||
| 082 | _a615.1901, P08B | ||
| 100 | _aBRITTAIN, HARRY G. | ||
| 245 | _aPROFILES OF DRUG SUBSTANCES, EXCIPIENTS AND RELATED METHODOLOGY | ||
| 260 |
_aDELHI _bELSEVIER _c2008 |
||
| 300 | _a426 | ||
| 650 | _aDRUG | ||
| 942 |
_2ddc _cBK |
||
| 999 |
_c8167 _d8167 |
||